| 000 | 00442nam a22001697a 4500 | ||
|---|---|---|---|
| 999 |
_c170746 _d170746 |
||
| 005 | 20191224130710.0 | ||
| 010 | _aB-82979 | ||
| 020 | _c24.00 | ||
| 035 | _aB-82979 | ||
| 037 | _bBPPD/Pub. | ||
| 082 | _a840 | ||
| 245 | _aپنجاب کا بہترین اردو ادب 1992 | ||
| 246 | _aPunjab ka Behtreen Urdu Adab 1992 (Urdu) | ||
| 260 | _c1992 ء | ||
| 300 |
_a161p. _c21cm(Hb) |
||
| 942 |
_2ddc _cUR _h840 _mپ ن ج |
||